[Event "XVII C.to Italiano UISP A"]
[Site "Montecatini Terme ITA"]
[Date "1996.12.??"]
[Round "3"]
[White "Rossignoli, Fabio"]
[Black "Del Dotto, Riccardo"]
[WhiteElo "1701"]
[BlackElo "1989"]
[Result "0-1"]
[PlyCount "84"]
[EventDate "1996.12.04"]

1. d4 Nf6 2. Nf3 c5 3. e3 e6 4. Bd3 d5 5. c3 Nbd7 6. Nbd2 Bd6 7. Qe2 O-O 8. O-O
e5 9. dxe5 Nxe5 10. Nxe5 Bxe5 11. e4 Qc7 12. h3 Re8 13. Kh1 Bf4 14. Re1 Bf5 15.
Bb5 Re5 16. Qf1 Bxd2 17. Bxd2 Rxe4 18. Bd3 Rxe1 19. Rxe1 Bd7 20. Bg5 Qd6 21.
Bc2 Re8 22. Rxe8+ Bxe8 23. Bxf6 Qxf6 24. Qd3 Qxf2 25. Qxh7+ Kf8 26. Qf5 Qxf5
27. Bxf5 Ke7 28. Kg1 Kf6 29. Bc8 Bc6 30. Kf2 Ke5 31. Bg4 d4 32. cxd4+ Kxd4 33.
Be2 b5 34. g3 c4 35. Ke1 Ke3 36. a3 Bd5 37. h4 a5 38. Bg4 b4 39. Bd1 Bf3 40.
Bc2 Bg4 41. Ba4 Kf3 42. Be8 Be6 0-1

[Event "XVII C.to Italiano UISP A"]
[Site "Montecatini Terme ITA"]
[Date "1996.12.??"]
[Round "3"]
[White "Sarno, Spartaco"]
[Black "Lagrotteria, Salvatore"]
[WhiteElo "2410"]
[BlackElo "2165"]
[Result "1-0"]
[PlyCount "61"]
[EventDate "1996.12.04"]

1. Nf3 c5 2. g3 Nc6 3. Bg2 g6 4. O-O Bg7 5. e4 d6 6. d3 e5 7. Nbd2 Nge7 8. c3
O-O 9. a3 h6 10. b4 a6 11. Nb3 b6 12. Rb1 Be6 13. Re1 Kh7 14. d4 exd4 15. cxd4
Bxb3 16. Qxb3 Nxd4 17. Nxd4 Bxd4 18. Bb2 Bxb2 19. Rxb2 Nc6 20. e5 Nd4 21. Qd5
Ra7 22. exd6 Rd7 23. bxc5 bxc5 24. Qxc5 Rxd6 25. Rb7 Kg8 26. h4 h5 27. Ree7 Nf5
28. Rec7 Rd1+ 29. Kh2 Nxh4 30. Qc4 Rd4 31. Rxf7 1-0

[Event "XVII C.to Italiano UISP A"]
[Site "Montecatini Terme ITA"]
[Date "1996.12.??"]
[Round "3"]
[White "Sedina, Elena"]
[Black "Bini, Lorenzo"]
[WhiteElo "2345"]
[BlackElo "2200"]
[Result "1-0"]
[PlyCount "65"]
[EventDate "1996.12.04"]

1. e4 b6 2. d4 Bb7 3. Nc3 e6 4. Nf3 h6 5. Bd3 d6 6. O-O g6 7. Re1 Bg7 8. e5 d5
9. b4 Ne7 10. Bf4 g5 11. Bd2 Nec6 12. h3 Nd7 13. a4 a6 14. Rb1 O-O 15. Ne2 f5
16. exf6 Qxf6 17. Ng3 Qf7 18. Nh5 Bh8 19. Qe2 e5 20. dxe5 Ndxe5 21. Nxe5 Nxe5
22. f4 Nxd3 23. cxd3 Rae8 24. Qf3 Bd4+ 25. Kh1 Qg6 26. Rxe8 Qxe8 27. Re1 Qf7
28. Rf1 c5 29. bxc5 bxc5 30. Rb1 Ba8 31. Qg4 Qg6 32. fxg5 hxg5 33. Qxg5 1-0

[Event "XVII C.to Italiano UISP A"]
[Site "Montecatini Terme ITA"]
[Date "1996.12.??"]
[Round "3"]
[White "Tencati, Giuseppe"]
[Black "Maran, Walter"]
[WhiteElo "2035"]
[BlackElo "1701"]
[Result "1/2-1/2"]
[PlyCount "70"]
[EventDate "1996.12.04"]

1. d4 d5 2. c4 c6 3. Nf3 Bf5 4. Nc3 e6 5. Bf4 Bd6 6. Bxd6 Qxd6 7. e3 Nd7 8.
cxd5 exd5 9. Bd3 Bxd3 10. Qxd3 Ngf6 11. O-O O-O 12. Rac1 Rfe8 13. Rc2 Ne4 14.
Rfc1 Re6 15. a3 Rae8 16. Ne2 Rf6 17. b4 a6 18. Qb3 g5 19. Ng3 Nxg3 20. hxg3 g4
21. Ne1 Nb6 22. a4 h5 23. b5 axb5 24. axb5 Nc4 25. bxc6 bxc6 26. Qd3 h4 27.
gxh4 g3 28. Nf3 gxf2+ 29. Rxf2 Rxe3 30. Qb1 Qg3 31. Rcf1 Na3 32. Qb7 Nc4 33.
Qb1 Na3 34. Qb7 Nc2 35. Qb1 Na3 1/2-1/2

[Event "XVII C.to Italiano UISP A"]
[Site "Montecatini Terme ITA"]
[Date "1996.12.??"]
[Round "3"]
[White "Tocchioni, Doriano"]
[Black "Nannelli, Paolo"]
[WhiteElo "2260"]
[BlackElo "2265"]
[Result "1-0"]
[PlyCount "77"]
[EventDate "1996.12.04"]

1. d4 g6 2. Nf3 Bg7 3. c3 Nf6 4. Bg5 d6 5. Nbd2 O-O 6. e3 Nbd7 7. Bd3 h6 8. Bh4
Qe8 9. Qb3 Kh8 10. g4 e5 11. g5 hxg5 12. Nxg5 d5 13. O-O-O e4 14. Be2 a5 15.
Bg3 a4 16. Qc2 a3 17. b4 Nb6 18. h4 Bf5 19. Rdg1 Nh7 20. Nxh7 Kxh7 21. h5 Kg8
22. Bf4 Na4 23. Bg4 Bxg4 24. Rxg4 Ra6 25. Nb1 b5 26. Rhg1 Rc6 27. Kd2 Qe7 28.
Qb3 Rc4 29. hxg6 f5 30. R4g2 Qe6 31. Qd1 Re8 32. Qh5 Kf8 33. Rg5 Nxc3 34. Rxf5+
Ke7 35. Nxc3 Rxb4 36. Nxd5+ Kd7 37. Rf7+ Kc8 38. Rxc7+ Kb8 39. Rxg7+ 1-0

[Event "XVII C.to Italiano UISP A"]
[Site "Montecatini Terme ITA"]
[Date "1996.12.??"]
[Round "3"]
[White "Travaglini, Alberto"]
[Black "Bruno, Massimo"]
[WhiteElo "2021"]
[BlackElo "1984"]
[Result "1-0"]
[PlyCount "75"]
[EventDate "1996.12.04"]

1. d4 Nf6 2. Nf3 e6 3. Bf4 d5 4. e3 Bd6 5. Bg3 O-O 6. Nbd2 c5 7. c3 cxd4 8.
exd4 b6 9. a4 a6 10. Bd3 Nc6 11. O-O Bxg3 12. hxg3 Bb7 13. Qe2 Qc7 14. Rae1 Ne7
15. Ne5 Ng6 16. f4 Rfe8 17. g4 Nd7 18. Nxg6 hxg6 19. g5 Nf8 20. Qg4 Bc6 21. Rf3
f5 22. gxf6 gxf6 23. Bxg6 Qg7 24. Bh5 Qxg4 25. Bxg4 f5 26. Bh5 Re7 27. Rg3+ Rg7
28. Rxg7+ Kxg7 29. Bd1 b5 30. a5 b4 31. Nb3 bxc3 32. bxc3 Bb5 33. Nc5 Kf6 34.
Kf2 Ra7 35. Be2 Bxe2 36. Rxe2 Re7 37. Ra2 Ra7 38. Rb2 1-0

[Event "XVII C.to Italiano UISP A"]
[Site "Montecatini Terme ITA"]
[Date "1996.12.??"]
[Round "3"]
[White "Unterthurner, Hans"]
[Black "Valori, Vincenzo"]
[WhiteElo "1863"]
[BlackElo "1902"]
[Result "1-0"]
[PlyCount "51"]
[EventDate "1996.12.04"]

1. e4 e5 2. Nf3 d6 3. Bc4 Nf6 4. O-O Be7 5. Re1 O-O 6. c3 c6 7. Bb3 h6 8. h3
Nbd7 9. d3 Nc5 10. Bc2 Ne6 11. Be3 Nh7 12. Nbd2 Neg5 13. d4 Qc7 14. Nxg5 Bxg5
15. Nf3 Bxe3 16. Rxe3 Be6 17. Nh4 g6 18. Rg3 Ng5 19. Nf5 Kh7 20. Nxh6 Nxh3+ 21.
gxh3 Kxh6 22. Qd2+ Kg7 23. dxe5 dxe5 24. Qg5 Rh8 25. Kh2 Rh5 26. Qxh5 1-0

[Event "XVII C.to Italiano UISP A"]
[Site "Montecatini Terme ITA"]
[Date "1996.12.??"]
[Round "3"]
[White "Zucconi, Leandro"]
[Black "Vezzosi, Paolo"]
[WhiteElo "2140"]
[BlackElo "2310"]
[Result "0-1"]
[PlyCount "72"]
[EventDate "1996.12.04"]

1. d4 Nf6 2. Nf3 e6 3. c4 Bb4+ 4. Nbd2 b6 5. e3 Bb7 6. Bd3 O-O 7. O-O c5 8. a3
Bxd2 9. Bxd2 cxd4 10. exd4 d5 11. Qe2 Nc6 12. Rfd1 Rc8 13. Rac1 dxc4 14. Bxc4
Nd5 15. Bg5 Qd6 16. Ba6 Bxa6 17. Qxa6 Rc7 18. Qd3 Rfc8 19. Be3 Nce7 20. Rxc7
Qxc7 21. h3 Qc2 22. Qxc2 Rxc2 23. Bc1 Nc6 24. Ne1 Rc4 25. Be3 f5 26. g3 Kf7 27.
Kf1 Kf6 28. Ke2 g5 29. b3 Rc3 30. Rd3 f4 31. Bd2 Rxb3 32. gxf4 gxf4 33. Ng2
Nxd4+ 34. Rxd4 f3+ 35. Kf1 fxg2+ 36. Kxg2 Rxa3 0-1

[Event "XVII C.to Italiano UISP A"]
[Site "Montecatini Terme ITA"]
[Date "1996.12.??"]
[Round "4"]
[White "Arnetta, Benedetto"]
[Black "Rossignoli, Fabio"]
[WhiteElo "1609"]
[BlackElo "1701"]
[Result "0-1"]
[PlyCount "58"]
[EventDate "1996.12.04"]

1. e4 c5 2. d4 cxd4 3. c3 d5 4. Qxd4 dxe4 5. Qxd8+ Kxd8 6. Bf4 e5 7. Bxe5 Nc6
8. Bg3 Be6 9. Nd2 f5 10. Bc4 Ke7 11. h4 g6 12. Nh3 Bh6 13. Ng5 Bxg5 14. hxg5 h6
15. Bf4 h5 16. O-O-O Rd8 17. Bb5 Kf7 18. Bxc6 bxc6 19. Be5 Rh7 20. Nb3 Rd5 21.
Rxd5 Bxd5 22. Nc5 h4 23. Bg3 Ne7 24. Rxh4 Rxh4 25. Bxh4 f4 26. g3 Nf5 27. b4 e3
28. fxe3 fxg3 29. e4 Nxh4 0-1

[Event "XVII C.to Italiano UISP A"]
[Site "Montecatini Terme ITA"]
[Date "1996.12.??"]
[Round "4"]
[White "Bartolozzi, Roberto"]
[Black "Bini, Lorenzo"]
[WhiteElo "1902"]
[BlackElo "2200"]
[Result "0-1"]
[PlyCount "133"]
[EventDate "1996.12.04"]

1. d4 b6 2. c4 Bb7 3. Nc3 e6 4. e4 Bb4 5. Bd3 f5 6. Qe2 Nf6 7. f3 O-O 8. e5 Ne8
9. Be3 c5 10. Nh3 cxd4 11. Bxd4 Nc6 12. Bf2 d6 13. exd6 Nxd6 14. O-O Bxc3 15.
bxc3 e5 16. c5 bxc5 17. Bxc5 Qf6 18. Rab1 Bc8 19. Rfd1 Rd8 20. Rd2 Be6 21. Rbd1
Nb7 22. Bf2 Nba5 23. Bc5 Rd7 24. Bb5 Rad8 25. Rxd7 Rxd7 26. Rxd7 Bxd7 27. Qd3
Bc8 28. Nf2 h6 29. Nd1 Qe6 30. Qd2 Qd7 31. Qd6 Qxd6 32. Bxd6 Be6 33. a4 Kf7 34.
Kf2 Bb3 35. Ke2 g6 36. Ne3 Ke6 37. Bc5 h5 38. Kd3 f4 39. Nf1 Kd5 40. Bf2 Bc4+
41. Kc2 a6 42. Bxc4+ Nxc4 43. Nd2 Nxd2 44. Kxd2 e4 45. fxe4+ Kxe4 46. c4 g5 47.
c5 g4 48. Ke2 Kd5 49. Kd3 Ne5+ 50. Ke2 Nd7 51. c6 Kxc6 52. Kd3 Kd5 53. a5 Ne5+
54. Ke2 Nc4 55. Be1 Ke4 56. Bb4 Ne5 57. Be1 f3+ 58. gxf3+ gxf3+ 59. Kf1 Nd3 60.
Bd2 Ne5 61. Be1 Ng4 62. Bg3 Ne3+ 63. Kf2 Nf5 64. Bc7 Ne3 65. Bb6 Ng4+ 66. Kg1
Kd3 67. h3 0-1

[Event "XVII C.to Italiano UISP A"]
[Site "Montecatini Terme ITA"]
[Date "1996.12.??"]
[Round "4"]
[White "Beggi, Pierluigi"]
[Black "Travaglini, Alberto"]
[WhiteElo "2220"]
[BlackElo "2021"]
[Result "1-0"]
[PlyCount "59"]
[EventDate "1996.12.04"]

1. c4 e5 2. Nc3 Nc6 3. g3 g6 4. Bg2 Bg7 5. Nf3 d6 6. O-O Nge7 7. Rb1 O-O 8. b4
f5 9. b5 Nb8 10. Ba3 Nd7 11. Na4 e4 12. Ne1 b6 13. d4 Nf6 14. Nc3 Re8 15. Bb4
Kh8 16. Nc2 Bb7 17. d5 a5 18. Ba3 Bc8 19. f3 exf3 20. exf3 f4 21. Bb2 fxg3 22.
hxg3 Bf5 23. Nd4 h5 24. Ne6 Bxe6 25. dxe6 Nf5 26. Re1 Nxg3 27. Qd2 Nf5 28. Bh3
Ne7 29. Ne4 Nxe4 30. Qh6+ 1-0

[Event "XVII C.to Italiano UISP A"]
[Site "Montecatini Terme ITA"]
[Date "1996.12.??"]
[Round "4"]
[White "Bruno, Massimo"]
[Black "Renier, Renzo"]
[WhiteElo "1984"]
[BlackElo "1893"]
[Result "1/2-1/2"]
[PlyCount "84"]
[EventDate "1996.12.04"]

1. d4 Nf6 2. c4 g6 3. Nc3 d5 4. Qb3 dxc4 5. Qxc4 Bg7 6. e4 O-O 7. Nf3 Bg4 8.
Be3 Nc6 9. Rd1 Nd7 10. Qb3 Nb6 11. e5 a5 12. a3 a4 13. Qa2 Qd7 14. Be2 Rfd8 15.
O-O Bxf3 16. Bxf3 e6 17. Ne4 Nd5 18. Bg5 Nce7 19. Nc5 Qe8 20. Nxb7 Rdb8 21. Nc5
Ra5 22. Rc1 h6 23. Bd2 Raa8 24. Rc2 c6 25. Qc4 Nb6 26. Qe2 Ned5 27. Ne4 Bf8 28.
Rfc1 Rc8 29. Be3 Kg7 30. Bd2 Be7 31. Nf6 Qd8 32. Ng4 h5 33. Ne3 Nf4 34. Nf5+
exf5 35. Bxf4 Qxd4 36. Be3 Qd8 37. Bxc6 Rab8 38. Bxb6 Qxb6 39. Bxa4 Rxc2 40.
Rxc2 Qd4 41. Bc6 Bxa3 42. g3 Rxb2 1/2-1/2

[Event "XVII C.to Italiano UISP A"]
[Site "Montecatini Terme ITA"]
[Date "1996.12.??"]
[Round "4"]
[White "Caruso, Augusto"]
[Black "Magalotti, Andrea"]
[WhiteElo "2210"]
[BlackElo "2100"]
[Result "1-0"]
[PlyCount "114"]
[EventDate "1996.12.04"]

1. e4 e5 2. Nf3 Nc6 3. Bc4 Nf6 4. d4 exd4 5. O-O Bc5 6. e5 d5 7. exf6 dxc4 8.
Re1+ Be6 9. Ng5 Qd5 10. Nc3 Qf5 11. g4 Qg6 12. Nce4 Bb6 13. Nxe6 fxe6 14. f7+
Kd7 15. b4 Raf8 16. a4 a6 17. Ng5 Nd8 18. a5 Ba7 19. b5 h6 20. b6 hxg5 21.
Qxd4+ Ke7 22. bxa7 Nxf7 23. Ba3+ Nd6 24. Rad1 Rd8 25. a8=Q Rxa8 26. Bxd6+ cxd6
27. Qxd6+ Kf7 28. Qc7+ Kg8 29. Qxb7 Kh7 30. Rd6 Rhe8 31. Qe4 Qxe4 32. Rxe4 Rec8
33. Rexe6 Rab8 34. Rxa6 Rb2 35. Re2 Ra2 36. Ra7 Rc5 37. a6 Rc6 38. Ree7 Rxc2
39. Rxg7+ Kh6 40. Rh7+ Kg6 41. Rag7+ Kf6 42. Rh6+ Kxg7 43. Rxc6 c3 44. a7 Ra2
45. Rxc3 Rxa7 46. Rc6 Ra4 47. h3 Rf4 48. Kg2 Rf8 49. Kg3 Rf7 50. Rc3 Kg6 51. f3
Ra7 52. Rc6+ Kg7 53. h4 gxh4+ 54. Kxh4 Ra5 55. f4 Ra1 56. g5 Rg1 57. Rc7+ Kf8
1-0

[Event "XVII C.to Italiano UISP A"]
[Site "Montecatini Terme ITA"]
[Date "1996.12.??"]
[Round "4"]
[White "Cecconi, Giovanni Alberto"]
[Black "Ciotoli, Patrizio"]
[WhiteElo "2215"]
[BlackElo "1956"]
[Result "0-1"]
[PlyCount "66"]
[EventDate "1996.12.04"]

1. g3 f5 2. d4 Nf6 3. c4 e6 4. Nc3 g6 5. Bg2 Bg7 6. Nf3 d6 7. O-O O-O 8. Qc2
Nbd7 9. Bf4 Re8 10. Rad1 a6 11. Rfe1 d5 12. Ne5 c6 13. f3 Nh5 14. e4 Nxf4 15.
gxf4 Nf6 16. Ne2 Bh6 17. Qd2 Nh5 18. Ng4 Bg7 19. e5 Qh4 20. Nf2 dxc4 21. Nh3
Qe7 22. Ng3 Bd7 23. Qa5 b5 24. Bf1 Bf8 25. Nxh5 gxh5 26. Qd2 Bh6 27. Re2 Kh8
28. Rg2 Rg8 29. Ng5 h4 30. Be2 Raf8 31. Kh1 Bc8 32. Qe3 Bg7 33. Qg1 Bb7 0-1

[Event "XVII C.to Italiano UISP A"]
[Site "Montecatini Terme ITA"]
[Date "1996.12.??"]
[Round "4"]
[White "Corvi, Marco"]
[Black "Adinolfi, Vincenzo"]
[WhiteElo "2185"]
[BlackElo "2165"]
[Result "0-1"]
[PlyCount "74"]
[EventDate "1996.12.04"]

1. c4 e6 2. Nf3 Nf6 3. b3 c5 4. Bb2 Nc6 5. e3 Be7 6. Be2 O-O 7. O-O b6 8. d4
cxd4 9. exd4 d5 10. Nbd2 Bb7 11. Rc1 dxc4 12. bxc4 Qd6 13. Bd3 Qf4 14. Qe2 Rfd8
15. Qe3 Qg4 16. Bb1 Rd7 17. h3 Qh5 18. Rfd1 Rad8 19. Nf1 Bd6 20. Ng3 Bxg3 21.
fxg3 Ne7 22. g4 Qa5 23. Ne5 Rc7 24. g5 Ne8 25. Rf1 Ng6 26. Nxg6 hxg6 27. Rf2
Nd6 28. d5 exd5 29. Qd4 Ne8 30. Rcf1 Qc5 31. Qe5 d4 32. Qg3 Nd6 33. Ba3 Qc6 34.
Qh4 Nxc4 35. Bxg6 Qxg6 36. Qg3 Rcd7 37. Bc1 d3 0-1

[Event "XVII C.to Italiano UISP A"]
[Site "Montecatini Terme ITA"]
[Date "1996.12.??"]
[Round "4"]
[White "Del Dotto, Riccardo"]
[Black "Saccone, Fabio"]
[WhiteElo "1989"]
[BlackElo "2200"]
[Result "1/2-1/2"]
[PlyCount "91"]
[EventDate "1996.12.04"]

1. e4 e6 2. d3 d5 3. Nd2 c5 4. g3 Nc6 5. Bg2 Nge7 6. Ngf3 g6 7. O-O Bg7 8. Re1
b6 9. Rb1 a5 10. Nf1 h6 11. h4 dxe4 12. dxe4 Ba6 13. Qxd8+ Rxd8 14. Ne3 Nd4 15.
c3 Bd3 16. Ra1 Ne2+ 17. Kh2 Nxc1 18. Raxc1 Nc6 19. Ng1 g5 20. f4 Ne7 21. h5
gxf4 22. gxf4 O-O 23. Nh3 Rd7 24. Nf2 Bb5 25. Bf1 Bxf1 26. Nxf1 a4 27. e5 f6
28. exf6 Rxf6 29. Re4 a3 30. bxa3 Nd5 31. Nh3 Rdf7 32. Ng3 Nxf4 33. Nxf4 Rxf4
34. Rxe6 Rf2+ 35. Kh3 b5 36. Rb1 R2f3 37. Rxb5 Rxc3 38. Rg6 Kh7 39. Rb3 Rff3
40. Rxc3 Rxc3 41. Kg4 Rxa3 42. Nf5 Ra4+ 43. Kf3 Bf8 44. Rf6 Kg8 45. Nxh6+ Bxh6
46. Rxh6 1/2-1/2

[Event "XVII C.to Italiano UISP A"]
[Site "Montecatini Terme ITA"]
[Date "1996.12.??"]
[Round "4"]
[White "Di Vincenzi, Renato"]
[Black "Tencati, Giuseppe"]
[WhiteElo "2128"]
[BlackElo "2035"]
[Result "0-1"]
[PlyCount "90"]
[EventDate "1996.12.04"]

1. Nf3 d5 2. d4 Nf6 3. e3 Bg4 4. c4 c6 5. Nc3 e6 6. h3 Bh5 7. cxd5 exd5 8. Be2
Bd6 9. Bd2 Nbd7 10. O-O O-O 11. Rc1 Re8 12. a3 Ne4 13. Nxe4 dxe4 14. Ne1 Bxe2
15. Qxe2 c5 16. Bc3 Rc8 17. Rd1 c4 18. f3 Nf6 19. Nc2 Bb8 20. f4 a5 21. Be1 Nd5
22. Qh5 Rc6 23. Bh4 Qd7 24. Be1 Bc7 25. Rb1 b5 26. Qe2 Rb8 27. b3 h6 28. g4 h5
29. b4 hxg4 30. hxg4 a4 31. Rf2 Rh6 32. Bd2 Rh4 33. Rg2 Rb6 34. Rf1 Rg6 35. f5
Rgh6 36. Kf2 Rh2 37. Rfg1 Qd6 38. Kf1 Rxg2 39. Rxg2 Rh1+ 40. Rg1 Rh3 41. Be1
Rf3+ 42. Bf2 Qh2 43. Rg2 Qh3 44. Kg1 Qh6 45. Ne1 Rh3 0-1

[Event "XVII C.to Italiano UISP A"]
[Site "Montecatini Terme ITA"]
[Date "1996.12.??"]
[Round "4"]
[White "Fabiano, Giuseppe"]
[Black "Lucaroni, Massimiliano"]
[WhiteElo "2240"]
[BlackElo "2265"]
[Result "1/2-1/2"]
[PlyCount "47"]
[EventDate "1996.12.04"]

1. Nf3 d5 2. g3 c6 3. Bg2 Bg4 4. d3 Nd7 5. Nbd2 e5 6. O-O Bd6 7. b3 Ne7 8. Bb2
O-O 9. h3 Bh5 10. e4 f6 11. Qe1 Nc5 12. exd5 Nxd5 13. Nc4 Ne6 14. d4 Bxf3 15.
Bxf3 Ng5 16. Bg2 exd4 17. Bxd4 Re8 18. Qd1 Bf8 19. Ne3 Qd7 20. Qh5 Nxe3 21.
Bxe3 Qf5 22. c4 Bc5 23. Bxc5 Qxc5 24. Rae1 1/2-1/2

[Event "XVII C.to Italiano UISP A"]
[Site "Montecatini Terme ITA"]
[Date "1996.12.??"]
[Round "4"]
[White "Genovese, Maurizio"]
[Black "Tocchioni, Doriano"]
[WhiteElo "2265"]
[BlackElo "2260"]
[Result "1-0"]
[PlyCount "73"]
[EventDate "1996.12.04"]

1. d4 c5 2. d5 e5 3. e4 d6 4. Bb5+ Nd7 5. c4 Be7 6. Nf3 Bf6 7. Nc3 Ne7 8. h4
O-O 9. g4 Ng6 10. g5 Be7 11. h5 Nf4 12. Bxf4 exf4 13. Bxd7 Bxd7 14. Rg1 a6 15.
Qd2 b5 16. O-O-O Qa5 17. Kb1 bxc4 18. Nh4 Rfb8 19. Nf5 Bxf5 20. exf5 Rb7 21.
Kc2 Rab8 22. Rb1 Rb4 23. f6 Bf8 24. g6 Qb6 25. Kc1 fxg6 26. hxg6 h6 27. f7+ Kh8
28. Re1 Qd8 29. Qxf4 Qf6 30. Qxf6 gxf6 31. f4 f5 32. Kc2 Kg7 33. Re6 h5 34. Ne2
c3 35. Ng3 cxb2 36. Nxf5+ Kh8 37. Ree1 1-0

[Event "XVII C.to Italiano UISP A"]
[Site "Montecatini Terme ITA"]
[Date "1996.12.??"]
[Round "4"]
[White "Lagrotteria, Salvatore"]
[Black "Unterthurner, Hans"]
[WhiteElo "2165"]
[BlackElo "1863"]
[Result "1-0"]
[PlyCount "111"]
[EventDate "1996.12.04"]

1. Nf3 Nf6 2. c4 g6 3. Nc3 d5 4. d4 Bg7 5. g3 O-O 6. cxd5 Nxd5 7. Bg2 c5 8. O-O
Nc6 9. Nxd5 Qxd5 10. dxc5 Qxc5 11. Qb3 Qb4 12. Qxb4 Nxb4 13. Bd2 Nc6 14. Bc3
Bxc3 15. bxc3 Be6 16. Rfb1 Rab8 17. a4 Rfd8 18. Ng5 Bc4 19. Rb2 Na5 20. Rab1 b6
21. f4 Rbc8 22. Kf2 Ba6 23. Rc1 Nc4 24. Ra2 Rc7 25. Bh3 Nd6 26. Ke1 h6 27. Nf3
Ne4 28. a5 Rxc3 29. Rxc3 Nxc3 30. Rc2 Rd1+ 31. Kf2 Ne4+ 32. Ke3 Nc5 33. Nd4 Rb1
34. Nc6 Rb3+ 35. Kd4 Kf8 36. Nxa7 Rb4+ 37. Ke3 Rb3+ 38. Kd4 f5 39. Rxc5 bxc5+
40. Kxc5 Rb7 41. Bg2 Rd7 42. Nb5 Rd2 43. Bf3 Rb2 44. Nd4 Ke8 45. h3 Kd7 46. g4
e6 47. h4 fxg4 48. Bxg4 Ke7 49. e3 Bc8 50. Kc6 Kf6 51. Kc7 Ba6 52. Bxe6 Rb7+
53. Kd6 Re7 54. e4 Ra7 55. Nc6 Rg7 56. e5# 1-0

[Event "XVII C.to Italiano UISP A"]
[Site "Montecatini Terme ITA"]
[Date "1996.12.??"]
[Round "4"]
[White "Nannelli, Paolo"]
[Black "Oppici, Gabriele"]
[WhiteElo "2265"]
[BlackElo "2055"]
[Result "1-0"]
[PlyCount "91"]
[EventDate "1996.12.04"]

1. Nf3 g6 2. d4 Bg7 3. Bf4 c5 4. c3 Qb6 5. Qb3 cxd4 6. Qxb6 axb6 7. cxd4 Nc6 8.
e3 Nb4 9. Kd2 Rxa2 10. Rxa2 Nxa2 11. Bb5 Nf6 12. Na3 Nb4 13. Nc4 Nbd5 14. Bg3
O-O 15. Rc1 d6 16. Ke2 h6 17. Ncd2 Bf5 18. Ne1 Rc8 19. Rxc8+ Bxc8 20. b3 Bd7
21. Bxd7 Nxd7 22. Nd3 Nc7 23. Ne4 Kf8 24. Nxd6 Ne6 25. Nb5 Ke8 26. Nb4 Nf6 27.
Nc7+ Nxc7 28. Bxc7 b5 29. Be5 Kd7 30. Kd3 Ne8 31. Bxg7 Nxg7 32. e4 Ne6 33. g3
Ng5 34. Ke3 f6 35. Nd3 b6 36. Nf4 e5 37. dxe5 fxe5 38. Nxg6 Kd6 39. f4 exf4+
40. gxf4 Ne6 41. f5 Nc5 42. e5+ Kd7 43. Kd4 Nxb3+ 44. Kd5 Na5 45. e6+ Ke8 46.
f6 1-0

[Event "XVII C.to Italiano UISP A"]
[Site "Montecatini Terme ITA"]
[Date "1996.12.??"]
[Round "4"]
[White "Pace, Roberto"]
[Black "Ottavi, Marco"]
[WhiteElo "1887"]
[BlackElo "1945"]
[Result "0-1"]
[PlyCount "120"]
[EventDate "1996.12.04"]

1. e4 e6 2. Qe2 Be7 3. Nf3 d5 4. d3 c5 5. g3 Nc6 6. c3 Nf6 7. Bg2 dxe4 8. dxe4
e5 9. O-O O-O 10. Na3 h6 11. Rd1 Qc7 12. Nh4 a6 13. Nc4 Rd8 14. Rxd8+ Nxd8 15.
Ne3 Bd7 16. Nef5 Bf8 17. Ne3 Be7 18. Nhf5 Bf8 19. Qf3 Qc6 20. Nd5 Nxd5 21. exd5
Qg6 22. Ne3 b5 23. Bd2 c4 24. a4 Rb8 25. axb5 axb5 26. h4 Bc5 27. h5 Qb6 28.
Nc2 Nb7 29. Be3 Bxe3 30. Qxe3 Qxe3 31. Nxe3 Nc5 32. Ra7 Rb7 33. Ra8+ Kh7 34.
Bf1 Na4 35. Nd1 Bg4 36. Ne3 Bd7 37. Nd1 Nb6 38. Ra5 Nxd5 39. Bg2 Bc6 40. Ne3
Ne7 41. Bh3 Rb8 42. Ra7 Rb7 43. Ra8 Bf3 44. Bg2 Bxg2 45. Kxg2 g6 46. hxg6+ Kxg6
47. Ng4 f6 48. Ra6 Nd5 49. Nxe5+ Kf5 50. Nf3 Ke4 51. Ne1 b4 52. f3+ Ke3 53.
Nc2+ Kd2 54. Nxb4 Nxb4 55. cxb4 Rxb4 56. Rxf6 Rxb2 57. Rxh6 c3 58. Kf2 c2 59.
Rd6+ Kc1 60. Ke2 Kb1 0-1

[Event "XVII C.to Italiano UISP A"]
[Site "Montecatini Terme ITA"]
[Date "1996.12.??"]
[Round "4"]
[White "Pastorini, Mario"]
[Black "Pastres, Roberto"]
[WhiteElo "2210"]
[BlackElo "2215"]
[Result "1-0"]
[PlyCount "49"]
[EventDate "1996.12.04"]

1. c4 f5 2. Nf3 Nf6 3. g3 g6 4. Bg2 Bg7 5. O-O O-O 6. Nc3 d6 7. Rb1 e5 8. d3 h6
9. b4 g5 10. b5 f4 11. Ne1 Nbd7 12. Nc2 Qe8 13. Nb4 Qh5 14. Nbd5 e4 15. Ne7+
Kh8 16. Nxc8 Ng4 17. h3 Nxf2 18. Rxf2 Bxc3 19. Ne7 Ne5 20. d4 g4 21. Bxf4 gxh3
22. dxe5 hxg2 23. Rxg2 dxe5 24. Rh2 Qf7 25. Bxh6 1-0

[Event "XVII C.to Italiano UISP A"]
[Site "Montecatini Terme ITA"]
[Date "1996.12.??"]
[Round "4"]
[White "Rossi, Carlo"]
[Black "Passerotti, Pierluigi"]
[WhiteElo "2320"]
[BlackElo "2290"]
[Result "0-1"]
[PlyCount "72"]
[EventDate "1996.12.04"]

1. e4 c5 2. Nf3 e6 3. b4 b6 4. bxc5 bxc5 5. Bb2 Nc6 6. e5 Rb8 7. Bc3 Nge7 8.
Bc4 Nd5 9. O-O d6 10. exd6 Nxc3 11. Nxc3 Bxd6 12. Re1 O-O 13. Ne4 Be7 14. Rb1
Rxb1 15. Qxb1 Bd7 16. c3 h6 17. Qd3 Qc7 18. Bb3 Rd8 19. Bc2 Bc8 20. Qe3 Ne5 21.
Nxe5 Qxe5 22. Bb3 Bb7 23. d3 Ba6 24. f4 Qc7 25. Bc2 Qa5 26. Bb1 Qb5 27. Rf1 f5
28. Ng3 Qd7 29. Re1 Bf6 30. Ne2 Bxd3 31. Bxd3 Qxd3 32. Qxe6+ Kh8 33. c4 Qd7 34.
Qxd7 Rxd7 35. Kf2 Rd2 36. Rb1 Rxa2 0-1

[Event "XVII C.to Italiano UISP A"]
[Site "Montecatini Terme ITA"]
[Date "1996.12.??"]
[Round "4"]
[White "Samaritani, Fabio"]
[Black "Caposciutti, Maurizio"]
[WhiteElo "2220"]
[BlackElo "2305"]
[Result "1/2-1/2"]
[PlyCount "95"]
[EventDate "1996.12.04"]

1. e4 c5 2. Nf3 Nc6 3. d4 cxd4 4. Nxd4 Nf6 5. Nc3 d6 6. Bg5 Bd7 7. Be2 Qa5 8.
Bxf6 gxf6 9. O-O h5 10. Nd5 h4 11. c3 Nxd4 12. Qxd4 Rg8 13. b4 Qd8 14. Kh1 Bc6
15. f4 h3 16. g3 f5 17. Bf3 fxe4 18. Qxe4 e6 19. Rae1 Be7 20. Qh7 Rf8 21. f5 e5
22. Qxh3 Bf6 23. Qg2 Rc8 24. c4 Bxd5 25. Bxd5 Ke7 26. Qe4 b6 27. Bb7 Rc7 28.
Ba6 Qa8 29. Qxa8 Rxa8 30. Rd1 Rg8 31. Kg2 Rd7 32. Rd3 Rdd8 33. h3 Rh8 34. Rfd1
Rhg8 35. Kf3 Rh8 36. h4 Rhg8 37. Bb5 a5 38. bxa5 bxa5 39. Bc6 Rh8 40. Ra3 Rc8
41. Bb5 Rhg8 42. Rd5 e4+ 43. Kxe4 Rg4+ 44. Kf3 Rcg8 45. Kf2 Be5 46. Rdd3 Kf6
47. Rf3 Bd4+ 48. Kf1 1/2-1/2

[Event "XVII C.to Italiano UISP A"]
[Site "Montecatini Terme ITA"]
[Date "1996.12.??"]
[Round "4"]
[White "Sarno, Spartaco"]
[Black "Ceccatelli, Claudio"]
[WhiteElo "2410"]
[BlackElo "1714"]
[Result "1-0"]
[PlyCount "59"]
[EventDate "1996.12.04"]

1. c4 c6 2. Nf3 Nf6 3. g3 g6 4. b3 Bg7 5. Bb2 O-O 6. Bg2 d5 7. O-O dxc4 8. bxc4
Be6 9. d3 Qc8 10. Re1 Rd8 11. Qc1 c5 12. Nbd2 Nc6 13. Nb3 Nb4 14. a3 Na6 15.
Rb1 b5 16. cxb5 Bxb3 17. Bxf6 Bxf6 18. Rxb3 Qe6 19. Rb1 Nc7 20. Qxc5 Nd5 21.
Nd4 Qb6 22. Qxb6 axb6 23. Nc6 Rd7 24. Rb3 Ra4 25. Rc1 e6 26. e3 Bg7 27. Rc4
Rxc4 28. dxc4 Nc3 29. Bf1 Rd2 30. c5 1-0

[Event "XVII C.to Italiano UISP A"]
[Site "Montecatini Terme ITA"]
[Date "1996.12.??"]
[Round "4"]
[White "Tirabassi, Maurizio"]
[Black "Monteleone, Antonio"]
[WhiteElo "2330"]
[BlackElo "2200"]
[Result "1/2-1/2"]
[PlyCount "35"]
[EventDate "1996.12.04"]

1. c4 Nf6 2. Nc3 c5 3. e4 Nc6 4. g3 e6 5. f4 d6 6. Bg2 Be7 7. Nf3 O-O 8. O-O a6
9. Kh1 Qc7 10. d4 cxd4 11. Nxd4 Bd7 12. Nde2 Rfd8 13. Be3 Be8 14. Rb1 Qa5 15.
Qd2 Rac8 16. Rfd1 b5 17. cxb5 axb5 18. b3 1/2-1/2